| 000 | 00484nam a2200193Ia 4500 | ||
|---|---|---|---|
| 008 | 170918s9999 xx 000 0 und d | ||
| 020 | _a9780590447256 | ||
| 050 | _bG915 1989 | ||
| 100 | _aGuarino, Deborah | ||
| 245 | _aIs your mama Llama ? | ||
| 245 | _cDeborah Guarino ; illustrated by Steven Kellogg. | ||
| 260 | _aNew York : | ||
| 260 | _bScholastic, | ||
| 260 | _c1989 | ||
| 300 | _aunpaged : | ||
| 300 | _bcolored illustration ; | ||
| 300 | _c25cm. | ||
| 500 | _a290 | ||
| 999 |
_c341069 _d341069 |
||